|
|
|
|
| LEADER |
00000nam0a2200000 4500 |
| 001 |
369746 |
| 005 |
20231102012219.0 |
| 035 |
|
|
|a (RuTPU)RU\TPU\retro\27153
|
| 090 |
|
|
|a 369746
|
| 100 |
|
|
|a 20220602d1948 km y0rusy50 ca
|
| 101 |
0 |
|
|a rus
|
| 102 |
|
|
|a RU
|
| 105 |
|
|
|a a g 001zy
|
| 200 |
1 |
|
|a Справочник гальваностега
|f Г. Т. Бахвалов, В. П. Лабутин
|g отв. ред. А. И. Ольшевский
|
| 210 |
|
|
|a Москва
|c ГНТИ по черной и цветной металлургии
|d 1948
|
| 215 |
|
|
|a 512 с.
|c ил.
|
| 320 |
|
|
|a Библиогр.: с. 509-512
|
| 606 |
1 |
|
|a Гальванотехника
|2 stltpush
|3 (RuTPU)RU\TPU\subj\5533
|9 33586
|
| 610 |
1 |
|
|a справочники
|
| 610 |
1 |
|
|a электрохимия
|
| 610 |
1 |
|
|a металлы
|
| 610 |
1 |
|
|a покрытия
|
| 610 |
1 |
|
|a поверхности
|
| 610 |
1 |
|
|a подготовка
|
| 610 |
1 |
|
|a технологические процессы
|
| 610 |
1 |
|
|a схемы
|
| 610 |
1 |
|
|a контроль качества
|
| 610 |
1 |
|
|a гальванические ванны
|
| 610 |
1 |
|
|a металлические покрытия
|
| 610 |
1 |
|
|a окрашивание
|
| 675 |
|
|
|a 621.357(035)
|v 4
|
| 700 |
|
1 |
|a Бахвалов
|b Г. Т.
|
| 701 |
|
1 |
|a Лабутин
|b В. П.
|
| 702 |
|
1 |
|a Ольшевский
|b А. И.
|4 340
|
| 801 |
|
1 |
|a RU
|b 63413507
|c 20220602
|
| 942 |
|
|
|c BK
|